Предъявление для опознания в ходе судебного разбирательства дела; Известия Томского политехнического университета [Известия ТПУ]; Т. 305, вып. 8 : Геология и разработка нефтяных и газовых месторождений
| Parent link: | Известия Томского политехнического университета [Известия ТПУ]/ Томский политехнический университет (ТПУ).— , 2000- Т. 305, вып. 8 : Геология и разработка нефтяных и газовых месторождений.— 2002.— [С. 273-274] |
|---|---|
| Autor principal: | |
| Sumario: | Заглавие с титульного листа Электронная версия печатной публикации Данная статья посвящена процессуальным и тактическим аспектам предъявления для опознания в ходе судебного разбирательства дела, применительно к деятельности защитника. Актуальность темы вызвана недостаточной регламентацией предъявления для опознания в УПК РФ, а также отсутствием тактических рекомендаций применительно к защитнику в криминалистической литературе при проведении данного следственного действия в рамках судебного заседания. |
| Lenguaje: | ruso |
| Publicado: |
2002
|
| Colección: | Право |
| Materias: | |
| Acceso en línea: | http://www.lib.tpu.ru/fulltext/v/Bulletin_TPU/2002/v305/i8/48.pdf |
| Formato: | Electrónico Capítulo de libro |
| KOHA link: | https://koha.lib.tpu.ru/cgi-bin/koha/opac-detail.pl?biblionumber=167043 |
MARC
| LEADER | 00000n a2a2200000 4500 | ||
|---|---|---|---|
| 001 | 167043 | ||
| 005 | 20231031162647.0 | ||
| 035 | |a (RuTPU)RU\TPU\book\181198 | ||
| 035 | |a RU\TPU\book\181197 | ||
| 090 | |a 167043 | ||
| 100 | |a 20091011d2002 k y0rusy50 ca | ||
| 101 | 0 | |a rus | |
| 102 | |a RU | ||
| 135 | |a drnn ---uucaa | ||
| 181 | 0 | |a i | |
| 182 | 0 | |a b | |
| 200 | 1 | |a Предъявление для опознания в ходе судебного разбирательства дела |b Электронный ресурс |f А. А. Колмацуй | |
| 203 | |a Текст |c электронный | ||
| 215 | |a 1 файл (378 Кб) | ||
| 225 | 1 | |a Право | |
| 230 | |a Электронные текстовые данные (1 файл : 378 Кб) | ||
| 300 | |a Заглавие с титульного листа | ||
| 300 | |a Электронная версия печатной публикации | ||
| 330 | |a Данная статья посвящена процессуальным и тактическим аспектам предъявления для опознания в ходе судебного разбирательства дела, применительно к деятельности защитника. Актуальность темы вызвана недостаточной регламентацией предъявления для опознания в УПК РФ, а также отсутствием тактических рекомендаций применительно к защитнику в криминалистической литературе при проведении данного следственного действия в рамках судебного заседания. | ||
| 337 | |a Adobe Reader | ||
| 461 | 1 | |0 (RuTPU)RU\TPU\book\176237 |t Известия Томского политехнического университета [Известия ТПУ] |f Томский политехнический университет (ТПУ) |d 2000- | |
| 463 | 1 | |0 (RuTPU)RU\TPU\book\180913 |t Т. 305, вып. 8 : Геология и разработка нефтяных и газовых месторождений |o тематический выпуск |v [С. 273-274] |d 2002 |p 279 с. | |
| 610 | 1 | |a опознание | |
| 610 | 1 | |a судебные разбирательства | |
| 610 | 1 | |a процессуальные аспекты | |
| 610 | 1 | |a тактические аспекты | |
| 610 | 1 | |a защитники | |
| 610 | 1 | |a предъявление для опознания | |
| 610 | 1 | |a уголовно-процессуальный кодекс | |
| 610 | 1 | |a Российская Федерация | |
| 610 | 1 | |a криминалистическая литература | |
| 610 | 1 | |a следственные действия | |
| 610 | 1 | |a судебные заседания | |
| 610 | 1 | |a труды учёных ТПУ | |
| 610 | 1 | |a электронный ресурс | |
| 700 | 1 | |a Колмацуй |b А. А. | |
| 801 | 1 | |a RU |b 63413507 |c 20090623 |g PSBO | |
| 801 | 2 | |a RU |b 63413507 |c 20210421 |g PSBO | |
| 856 | 4 | |u http://www.lib.tpu.ru/fulltext/v/Bulletin_TPU/2002/v305/i8/48.pdf | |
| 942 | |c CF | ||